VSP Core Values Quiz Stats

Quiz not verified by Sporcle

Also try: Corporate Logos V
Challenge
Share
Tweet
Embed
Score 0/7 Timer 05:00
0 Plays Today
Hint Answer % Correct
How many core calues does VSP have? Spell out the number.Six
89.5%
What is the first word to every value?We
89.5%
How many lines of business are there? Spell out the number.Four
89.5%
Type 'Start' to startStart
84.2%
What do we create?Our future
63.2%
How do we have fun?By promoting a productive, creative environment and celebrating our successes.
52.6%
What does T.I.R. stand for to you?Trustworthy, inclusive, respectful
42.1%

You're not logged in!

Compare scores with friends on all Sporcle quizzes.
Join for Free
OR
Log In

You Might Also Like...

Show Comments

Extras

Created Dec 2, 2013ReportNominate
Tags:core

Top Quizzes Today


Score Distribution

Your Account Isn't Verified!

In order to create a playlist on Sporcle, you need to verify the email address you used during registration. Go to your Sporcle Settings to finish the process.

Report this User

Report this user for behavior that violates our Community Guidelines.

Details: